Избрани произведения (Запис номер 133088)
[ съкратено ]
| 000 -Лидер | |
|---|---|
| Контролно поле с фиксирана дължина | nam a22 a 4500 |
| 003 - Код на организацията, давaща контролен номер | |
| Контролно поле | BLK |
| 005 - Дата и час на последна редакция | |
| Контролно поле | 20211019090239.0 |
| 008 - Елементи от данни с фиксирана дължина | |
| fixed length control field | 180409b bul|||||r ||||||| ||bul|| |
| 010 ## - Наследен системен номер | |
| LC control number | KNG00138978000 |
| 040 ## - Източник на каталожния запис | |
| Идентификатор на билиотеката - собственик на записа | BLK |
| 041 ## - Код за език | |
| Код за езика на текст/звукозапис или на отделно заглавие | Български |
| Код за езика КДБФ | Български |
| 080 ## - УДК | |
| Текстов определител УДК | Обща история на философията |
| УДК код - определител по УДК | 101(091) |
| УДК определител | (497.2)(081.2) |
| УДК - код + определител | 101(091)(497.2)(081.2) |
| 080 ## - УДК | |
| Текстов определител УДК | Онтологически материализъм |
| УДК код - определител по УДК | 141.12 |
| УДК - код + определител | 141.12 |
| 100 1# - Редна дума - Автор | |
| Автор | Павлов, Тодор Димитров |
| Авторска отговорност | първи автор |
| R(LIN) | 378075 |
| 139 ## - Редно поле | |
| Редна дума | Павлов, Тодор Димитров |
| Авторски знак | Павло - П 13 |
| 245 10 - Сведения за заглавието | |
| Заглавие | Избрани произведения |
| Подзаглавни данни | Т. 1 - |
| Редно поле (дума) | Тодор Димитров Павлов. |
| Том | Т. 10 |
| Заглавие на том | Ленинизъм и хуманизъм |
| 257 ## - Страна на издаване | |
| Страна на създаване/издаване | България |
| 260 ## - Област на издателските данни | |
| Място на издаване, разпространение и проч. | София |
| Име на издателя, разпространителя и проч. | БАН |
| Година на издаване | 1970 |
| Печатница | За том: библиогр. каре 1971 |
| 300 ## - Физическа характеристика | |
| Размери/Мащаб | 22 см |
| 380 ## - Жанр | |
| Жанр | Философия |
| 650 #4 - Допълнително описание по предмет – тема | |
| Основно описание – тема или топоним | Философия |
| 9 (RLIN) | 175490 |
| 650 #4 - Допълнително описание по предмет – тема | |
| Основно описание – тема или топоним | Материализъм |
| 9 (RLIN) | 161431 |
| 650 #4 - Допълнително описание по предмет – тема | |
| Основно описание – тема или топоним | Марксизъм-ленинизъм - философия |
| 9 (RLIN) | 277200 |
| 651 #4 - Допълнително описание по предмет - топоним | |
| Географско понятие | България |
| 9 (RLIN) | 241624 |
| 653 ## - Ключова дума – ненормативна | |
| Ключова дума | философия |
| 653 ## - Ключова дума – ненормативна | |
| Ключова дума | материализъм |
| 653 ## - Ключова дума – ненормативна | |
| Ключова дума | ленинизъм |
| 653 ## - Ключова дума – ненормативна | |
| Ключова дума | хуманизъм |
| 760 1# - Описание на основната серия | |
| Редна дума на основното описание | Павлов, Тодор Димитров |
| Място на издаване, издател и година | 1970 |
| Страници - том | 554 с. |
| Забележка - том | 3 000 тир. |
| Част - том | Т. 10 |
| Заглавие | Ленинизъм и хуманизъм |
| 852 ## - Местоположение | |
| Форматна сигнатура | Цб 7843 |
| Фондова буква | Хранилище |
| 856 4# - Електронен адрес и достъп | |
| Електронен формат | pdf - файл |
| 856 4# - Електронен адрес и достъп | |
| Електронен формат | pdf - файл |
| 999 ## - СИСТЕМНИ КОНТРОЛНИ НОМЕРА | |
| Koha biblionumber | 133088 |
| Koha biblioitemnumber | 133088 |
| 942 ## - АРТИКУЛИ | |
| Вид на библиотечния материал | Книги |
| Скрит в OPAC | Не |
| Периодичен библиозапис | Да |
| 944 ## - СЪЗДАВАНЕ И РЕДАКЦИЯ на ЗАПИСА | |
| Създаване/Редакция | Създаване |
| Дата на регистрацията/редакция | 05.02.2013 |
| Статус, дата на статуса | 05.02.2013 - от С1,Р / 05.02.2013 |
| Служител, извършил регистрацията/редакцията | Камелия_Данева |
| 944 ## - СЪЗДАВАНЕ И РЕДАКЦИЯ на ЗАПИСА | |
| Създаване/Редакция | Редакция |
| Дата на регистрацията/редакция | 05.02.2013 |
| Статус, дата на статуса | 05.02.2013 - от С1,Р / 05.02.2013 |
| 999 ## - СИСТЕМНИ КОНТРОЛНИ НОМЕРА | |
| Koha biblioitemnumber | 133088 |
| Код за отписване | Код за изгубен артикул | Източник на класификационната схема | Код за повреда | Коз за рестрикции | Код за отдаване | Артикулен № | Име на библиотеката - собственик | Име на библиотеката, в която се намира в момента | Статус (Текущо местоположение) | Дата на вписване в системата | Местоположение - отдел | Цена в лева | Инвентарен номер | Систематично азбучна сигнатура | Баркод | Номер на екземпляра | Цена в евро | Служебна бележка | Служебен тип на артикула |
|---|---|---|---|---|---|---|---|---|---|---|---|---|---|---|---|---|---|---|---|
| Не е изгубен | Universal Decimal Classification | Не е повреден | само за читалня | ползва се в читалня | 217041 | Регионална библиотека "Любен Каравелов" Русе | Регионална библиотека "Любен Каравелов" Русе | Хранилище | 1970-01-01 | Хранилище | 4.05 | 94646 | Цб 7843 | 120000094646 | 1 | 2.07 | N: стар фонд Дата: 01.01.1970 | Книги |